Historia de la doctrina Monroe

Guardado en:
Bibliografiske detaljer
Hovedforfatter: Donovan, Frank
Format: Bog
Sprog:Undetermined
Udgivet: México, Distrito Federal Editorial Diana 1966
Fag:
Tags: Tilføj Tag
Ingen Tags, Vær først til at tagge denne postø!

MARC

LEADER 00000nam a2200000Ia 4500
008 170316s9999 xx 000 0 und d
040 |a cru BVZT 
090 |a 100 D-29.2h 
100 |a Donovan, Frank 
245 |a Historia de la doctrina Monroe  |c Frank Donovan 
260 |a México, Distrito Federal 
260 |b Editorial Diana 
260 |c 1966 
300 |a 213 páginas 
650 |a FILOSOFÍA  |9 5 
650 |a MONROE 
650 |a DOCTRINA MONROE 
999 |c 16050  |d 16050 
942 |c LIB  |h 100 D-29.2h  |2 z